Library Banner

Pakistan : (Record no. 49571)

MARC details
000 -LEADER
fixed length control field 00552nam a2200193Ia 4500
001 - CONTROL NUMBER
control field 52105
005 - DATE AND TIME OF LATEST TRANSACTION
control field 20201128111342.0
008 - FIXED-LENGTH DATA ELEMENTS--GENERAL INFORMATION
fixed length control field 140503s9999 xx 000 0 und d
020 ## - INTERNATIONAL STANDARD BOOK NUMBER
International Standard Book Number 9789694025452
040 ## - CATALOGING SOURCE
Transcribing agency PK-LaUMT
082 ## - DEWEY DECIMAL CLASSIFICATION NUMBER
Classification number 306.05491
Item number ABD-P
100 ## - MAIN ENTRY--PERSONAL NAME
Personal name Abdul Qadeer, Mohammad
245 ## - TITLE STATEMENT
Title Pakistan :
Remainder of title social and cultural transformations in a Muslim nation /
Statement of responsibility, etc by Mohammad Abdul Qadeer
260 ## - PUBLICATION, DISTRIBUTION, ETC. (IMPRINT)
Place of publication, distribution, etc Lahore,Pakistan :
Name of publisher, distributor, etc Vanguard Books,
Date of publication, distribution, etc 2011
300 ## - PHYSICAL DESCRIPTION
Extent 322 p.
546 ## - LANGUAGE NOTE
Language note EN
650 ## - SUBJECT ADDED ENTRY--TOPICAL TERM
Topical term or geographic name as entry element Social change-Pakistan
942 ## - ADDED ENTRY ELEMENTS (KOHA)
Koha item type Books
Holdings
Withdrawn status Lost status Damaged status Home library Current library Date acquired Full call number Barcode Date last seen Price effective from Koha item type
      UMT Main Campus UMT Main Campus 2014-04-30 306.095491 ABD-P 58077 2021-03-09 2014-05-06 Books
      UMT Main Campus UMT Main Campus 2014-05-03 306.05491 ABD-P 62101 2020-03-05 2014-05-08 Books